| 000 | 00607nam a2200217 a 4500 | ||
|---|---|---|---|
| 999 |
_c3 _d3 |
||
| 001 | 3 | ||
| 003 | BD-JhCC | ||
| 005 | 20191218134008.0 | ||
| 008 | 170923s1999 enk||||| |||| 00| 0 eng d | ||
| 020 | _a9780723245292 | ||
| 035 | _a(BD-JhCC)3 | ||
| 040 |
_aBD-JhCC _cBD-JhCC _dBD-JhCC |
||
| 041 | _aeng | ||
| 082 |
_222 _a823.912 _bPOT 1999 |
||
| 245 |
_aSelected tales from Beatrix Potter / _cBeatrix Potter |
||
| 260 |
_aLondon : _bFrederick Warne, _c1999. |
||
| 300 |
_a125 pages : _billustrations (chiefly color) ; _c21 cm |
||
| 650 |
_aAnimals _v Juvenile fiction. |
||
| 942 |
_2ddc _cBK _02 |
||